Countries that did not vote to recognize Srebrenica as a genocide - Statistics

General Stats
  • This quiz has been taken 56 times
  • The average score is 58 of 106
Answer Stats
Hint Answer % Correct
Voted Against Serbia
93%
Voted Against Russia
87%
Voted Against China
83%
Voted Against Belarus
80%
Voted Against Cuba
73%
Armenia
70%
Azerbaijan
70%
Brazil
67%
Dominican Republic
67%
India
67%
Junta Would've Voted Against Myanmar
67%
Voted Against North Korea
67%
Vietnam
67%
Afghanistan
63%
Algeria
63%
Argentina
63%
Voted Against Democratic Republic of the Congo
63%
Voted Against Eritrea
63%
Greece
63%
Voted Against Hungary
63%
Kazakhstan
63%
Kyrgyzstan
63%
Morocco
63%
Angola
60%
Burundi
60%
Cambodia
60%
Ethiopia
60%
Laos
60%
Voted Against Mali
60%
Voted Against Nicaragua
60%
South Sudan
60%
Sudan
60%
Voted Against Syria
60%
Tajikistan
60%
Turkmenistan
60%
United Arab Emirates
60%
Uzbekistan
60%
Would've Voted Against Venezuela
60%
Georgia
57%
Honduras
57%
Israel
57%
Mexico
57%
Mongolia
57%
Nepal
57%
Oman
57%
Peru
57%
Thailand
57%
Voted Against Antigua and Barbuda
53%
Belize
53%
Bhutan
53%
Bolivia
53%
Burkina Faso
53%
Central African Republic
53%
Voted Against Comoros
53%
Congo
53%
Voted Against Dominica
53%
Voted Against Eswatini
53%
Guinea
53%
Haiti
53%
Kenya
53%
Lesotho
53%
Nigeria
53%
Sri Lanka
53%
Uganda
53%
Benin
50%
Guatemala
50%
Lebanon
50%
Mauritius
50%
Panama
50%
Saint Kitts and Nevis
50%
Saint Lucia
50%
Saint Vincent and the Grenadines
50%
Somalia
50%
Togo
50%
Would've Voted Against Zimbabwe
50%
Bahamas
47%
Botswana
47%
Cameroon
47%
Jamaica
47%
Madagascar
47%
Mozambique
47%
Voted Against Nauru
47%
Solomon Islands
47%
Suriname
47%
Tuvalu
47%
Vanuatu
47%
Bahrain
43%
Cyprus
43%
Ghana
43%
Maldives
43%
Papua New Guinea
43%
Philippines
43%
Voted Against São Tomé and Principe
43%
Seychelles
43%
Trinidad and Tobago
43%
Barbados
40%
Gabon
40%
Voted Against Grenada
40%
Namibia
40%
Paraguay
40%
East Timor
37%
Equatorial Guinea
37%
Ivory Coast
37%
Slovakia
37%
Tonga
37%
Kiribati
30%
No matching quizzes found
Score Distribution
Percent of People with Each Score
Percentile by Number Answered
Your Score History
You have not taken this quiz